000 00765cam a2200265 i 4500
999 _c5934
_d5934
001 2741457
003 GBCCL
005 20241126110552.0
008 760409s1971 pau b 000 0 eng
010 _a 78159727
040 _aDLC
_cDLC
_dDLC
050 0 0 _aHQ31
_b.V658
082 0 0 _a241.66
_bVIN
100 1 _aVincent, Merville O.,
_d1930-
_910742
245 1 0 _aGod, sex, and you /
_cM. O. Vincent.
260 _aPhiladelphia :
_bLippincott,
_cc1971.
300 _a204 p. ;
_c18 cm.
500 _a"A Holman book."
504 _aBibliography: p. 163-165.
650 0 _aSexual ethics.
_93910
650 0 _aMarriage.
_92123
650 0 _aSex
_xReligious aspects
_xChristianity.
_94273
906 _a7
_bcbc
_corignew
_d2
_encip
_f19
_gy-gencatlg
942 _2ddc
_cBK
_01